[Event "Canarias-chT"]
[White "Navarro Molina, David"]
[Black "Molina Rodriguez, Borja"]
[Site "San Cristobal de La Laguna"]
[Round "4.3"]
[Result "0-1"]
[Date "2017.06.24"]
[WhiteElo "2107"]
[BlackElo "2166"]
[PlyCount "92"]
[EventDate "2017.06.22"]
[EventType "team-swiss"]
[EventRounds "6"]
[EventCountry "ESP"]
[SourceTitle "EXT 2024"]
[Source "ChessBase"]
[SourceDate "2023.10.10"]
[SourceVersion "1"]
[SourceVersionDate "2023.10.10"]
[SourceQuality "1"]
[WhiteTeam "Hotel Avda de Canarias"]
[BlackTeam "Ebano Casa Venezuela"]
[WhiteTeamCountry "ESP"]
[BlackTeamCountry "ESP"]

1. d4 Nf6 2. c4 e6 3. Nf3 b6 4. g3 Ba6 5. Qc2 c5 6. d5 exd5 7. cxd5 Bb7 8. Bg2 Nxd5 9. a3 Nc6 10. 0-0 Be7 11. Rd1 Nc7 12. Nc3 0-0 13. Qd3 d5 14. Nxd5 Nxd5 15. Qxd5 Na5 16. Qxd8 Raxd8 17. Bg5 f6 18. Bf4 Nb3 19. Rxd8 Rxd8 20. Re1 Bd6 21. Rd1 Bc7 22. Rxd8+ Bxd8 23. Nd2 Bxg2 24. Kxg2 Nxd2 25. Bxd2 Kf7 26. e4 b5 27. b3 Be7 28. f4 Ke6 29. g4 g5 30. fxg5 fxg5 31. Kf3 c4 32. bxc4 bxc4 33. a4 Bf6 34. h3 Kd6 35. Bb4+ Ke6 36. Ke3 a6 37. Be1 Be5 38. Bb4 Bf6 39. Be1 Bb2 40. Bb4 Ke5 41. Bc5 Bc1+ 42. Kf3 c3 43. Bb4 c2 44. Bc3+ Ke6 45. Ke2 Bf4 46. Bd2 c1Q 0-1

[Event "Canarias-chT"]
[White "Navarro Molina, David"]
[Black "Rodriguez Falcon, David"]
[Site "San Cristobal de La Laguna"]
[Round "1.2"]
[Result "1-0"]
[Date "2017.06.22"]
[WhiteElo "2107"]
[BlackElo "1786"]
[PlyCount "35"]
[EventDate "2017.06.22"]
[EventType "team-swiss"]
[EventRounds "6"]
[EventCountry "ESP"]
[SourceTitle "EXT 2024"]
[Source "ChessBase"]
[SourceDate "2023.10.10"]
[SourceVersion "1"]
[SourceVersionDate "2023.10.10"]
[SourceQuality "1"]
[WhiteTeam "Hotel Avda de Canarias"]
[BlackTeam "Roque Niquiomo"]
[WhiteTeamCountry "ESP"]
[BlackTeamCountry "ESP"]

1. d4 f5 2. c4 Nf6 3. Nc3 e6 4. e3 d5 5. Bd3 c6 6. Nge2 Be7 7. f3 0-0 8. 0-0 Re8 9. e4 g6 10. Bf4 Nh5 11. cxd5 fxe4 12. fxe4 Qb6 13. Bc4 Nxf4 14. Nxf4 Qxb2 15. Qf3 Qb4 16. Nxg6 Rf8 17. Nxf8 Qxc4 18. Qf7+ 1-0

[Event "Las Palmas Insular-chT Pref 1314"]
[White "Padron Pulido, Pedro Gabino"]
[Black "Navarro Molina, David"]
[Site "Agaete"]
[Round "13.4"]
[Result "1/2-1/2"]
[Date "2014.03.29"]
[WhiteElo "1997"]
[BlackElo "2123"]
[PlyCount "75"]
[EventDate "2013.11.09"]
[EventType "team-tourn"]
[EventRounds "14"]
[EventCountry "ESP"]
[SourceTitle "EXT 2015"]
[Source "ChessBase"]
[SourceDate "2014.11.20"]
[SourceVersion "1"]
[SourceVersionDate "2014.11.20"]
[SourceQuality "1"]
[WhiteTeam "Tres W"]
[BlackTeam "La Caja de Vecindario"]
[WhiteTeamCountry "ESP"]
[BlackTeamCountry "ESP"]

1. e4 c5 2. Nf3 e6 3. d4 cxd4 4. Qxd4 Nc6 5. Qe3 Qc7 6. c4 Nf6 7. h3 Ne5 8. Nxe5 Qxe5 9. Bd3 Bc5 10. Qe2 b6 11. Nc3 Bb7 12. Be3 Rc8 13. f4 Qh5 14. Qxh5 Nxh5 15. Bxc5 Nxf4 16. Ba3 Nxd3+ 17. Ke2 Nc5 18. Ke3 0-0 19. Rhd1 Rcd8 20. b4 Na6 21. b5 Nc5 22. Bxc5 bxc5 23. Rd6 f5 24. Rad1 g5 25. Rxd7 Rxd7 26. Rxd7 Rf7 27. Rxf7 Kxf7 28. g3 Ke7 29. e5 Bg2 30. h4 h6 31. Kf2 Bh1 32. Na4 Be4 33. Nxc5 Bb1 34. Nb7 Bxa2 35. Nd6 Kd7 36. Ke3 Kc7 37. Kd4 Kb6 38. Nf7 1/2-1/2

[Event "Las Palmas Insular-chT Pref"]
[White "Navarro Molina, David"]
[Black "Cruz Pino, Adrian"]
[Site "Las Palmas"]
[Round "3.3"]
[Result "1-0"]
[Date "2012.12.01"]
[WhiteElo "2128"]
[BlackElo "1994"]
[PlyCount "105"]
[EventDate "2012.11.10"]
[EventType "team-tourn"]
[EventRounds "14"]
[EventCountry "ESP"]
[SourceTitle "EXT 2014"]
[Source "ChessBase"]
[SourceDate "2013.11.20"]
[SourceVersion "1"]
[SourceVersionDate "2013.11.20"]
[SourceQuality "1"]
[WhiteTeam "Canarias de Vecindario"]
[BlackTeam "Casa Museo El Patio"]
[WhiteTeamCountry "ESP"]
[BlackTeamCountry "ESP"]

1. d4 Nf6 2. c4 e6 3. Nf3 b6 4. g3 Bb7 5. Bg2 Be7 6. 0-0 0-0 7. d5 exd5 8. Nh4 c6 9. cxd5 Nxd5 10. Nf5 Nc7 11. e4 Ba6 12. Re1 Bc4 13. Qd4 Ne6 14. Qxc4 b5 15. Qe2 a5 16. Qg4 Kh8 17. Nxe7 Qxe7 18. Be3 Na6 19. Nc3 Nb4 20. Re2 a4 21. f4 a3 22. b3 f6 23. f5 Nd8 24. e5 fxe5 25. Ne4 d6 26. Rf1 Nd5 27. Bg5 Nf6 28. Nxf6 gxf6 29. Bd2 Ra6 30. Rc1 c5 31. Bd5 Nc6 32. Bxc6 Rxc6 33. Qe4 Qd7 34. Qd5 Rb6 35. Rxc5 Qxf5 36. Rxb5 Rxb5 37. Qxb5 Rc8 38. Bh6 Qh5 39. Be3 Qf3 40. Re1 Rc2 41. Qf1 Qxf1+ 42. Rxf1 Rxa2 43. Bh6 Rc2 44. Rxf6 Rc8 45. Rxd6 Ra8 46. Rd1 Kg8 47. Ra1 a2 48. Kf2 Kf7 49. Kf3 Kf6 50. Bd2 Kf5 51. g4+ Ke6 52. Ke4 Ra3 53. b4 1-0

[Event "ESP-ch 77th"]
[White "Navarro Molina, David"]
[Black "Garcia Blanco, Omar"]
[Site "San Agustin"]
[Round "7"]
[Result "0-1"]
[Date "2012.10.05"]
[WhiteElo "2122"]
[BlackElo "2277"]
[PlyCount "192"]
[EventDate "2012.09.29"]
[EventType "swiss"]
[EventRounds "9"]
[EventCountry "ESP"]
[SourceTitle "EXT 2014"]
[Source "ChessBase"]
[SourceDate "2013.11.20"]
[SourceVersion "1"]
[SourceVersionDate "2013.11.20"]
[SourceQuality "1"]

1. d4 Nf6 2. c4 c5 3. d5 b5 4. cxb5 a6 5. bxa6 g6 6. Nc3 Bxa6 7. g3 d6 8. Bg2 Bg7 9. Nf3 Nbd7 10. Rb1 0-0 11. 0-0 Nb6 12. b3 Bb7 13. Nh4 Nfd7 14. Bb2 Bxc3 15. Bxc3 Rxa2 16. Ra1 Qa8 17. e4 Nf6 18. Qc1 Rxa1 19. Bxa1 Qa2 20. Qc3 Ra8 21. Bb2 c4 22. e5 Nfxd5 23. Qd4 c3 24. Bxc3 Qxb3 25. Ba1 Ra4 26. Qd1 Qxd1 27. Rxd1 dxe5 28. Bxe5 e6 29. Rb1 Nd7 30. Ba1 Bc6 31. Rc1 Nc5 32. Re1 Nb3 33. Be5 Nd2 34. Nf3 Nxf3+ 35. Bxf3 Ne7 36. Bxc6 Nxc6 37. Bf6 Ra8 38. Rb1 Rb8 39. Rc1 Rc8 40. Rb1 Na5 41. Kg2 Nc4 42. g4 Nd2 43. Rb4 Nc4 44. Kg3 Nd6 45. h4 Ne8 46. Bd4 Rd8 47. f3 f6 48. Bb2 Rd7 49. Rb6 Kf7 50. Rb8 Nd6 51. Bc1 Kg7 52. Ba3 h5 53. Bxd6 Rxd6 54. Rb7+ Kh6 55. Rf7 e5 56. Re7 hxg4 57. Kxg4 Rd4+ 58. Kg3 Rf4 59. Rf7 g5 60. hxg5+ Kxg5 61. Re7 Ra4 62. Re8 Ra1 63. Re6 Kf5 64. Re8 Ra3 65. Re7 Re3 66. Ra7 Rb3 67. Ra4 Rb8 68. Kf2 Rh8 69. Ke3 Rh2 70. Rb4 Ra2 71. Kd3 Kg5 72. Rg4+ Kh5 73. Ke4 Ra3 74. Rg8 Ra4+ 75. Ke3 f5 76. Re8 Ra3+ 77. Ke2 Ra2+ 78. Ke3 Ra3+ 79. Ke2 Ra5 80. Rg8 Ra2+ 81. Kd3 Ra3+ 82. Ke2 f4 83. Re8 Re3+ 84. Kf2 Kg6 85. Ra8 Kf6 86. Ra6+ Kf5 87. Ra7 Rb3 88. Ra2 Ke6 89. Ra5 Rb2+ 90. Kf1 Rc2 91. Ke1 Kd6 92. Ra8 Kd5 93. Ra4 Rc4 94. Ra8 Kd4 95. Rd8+ Ke3 96. Rd5 Rc1+ 0-1

[Event "ESP-ch 77th"]
[White "Navarro Molina, David"]
[Black "Ruiz Delgado, Basilio"]
[Site "San Agustin"]
[Round "5"]
[Result "1-0"]
[Date "2012.10.03"]
[WhiteElo "2122"]
[BlackElo "1718"]
[PlyCount "51"]
[EventDate "2012.09.29"]
[EventType "swiss"]
[EventRounds "9"]
[EventCountry "ESP"]
[SourceTitle "EXT 2014"]
[Source "ChessBase"]
[SourceDate "2013.11.20"]
[SourceVersion "1"]
[SourceVersionDate "2013.11.20"]
[SourceQuality "1"]

1. d4 d5 2. c4 e6 3. Nc3 Nf6 4. Bg5 Be7 5. e3 h6 6. Bh4 0-0 7. Nf3 b6 8. Bd3 Nbd7 9. 0-0 Bb7 10. Qe2 dxc4 11. Bxc4 a6 12. Rfd1 Ne4 13. Bg3 Nxg3 14. hxg3 c5 15. dxc5 Bxc5 16. Ne5 Bc8 17. Nxd7 Bxd7 18. Bxa6 Qe7 19. Bb5 Rfd8 20. a3 Bxb5 21. Nxb5 Qf6 22. Rxd8+ Rxd8 23. Rc1 Qe5 24. b4 Bf8 25. Qc4 Qh5 26. Nd4 1-0

[Event "ESP-ch 77th"]
[White "Lopez Gracia, Fernando"]
[Black "Navarro Molina, David"]
[Site "San Agustin"]
[Round "3"]
[Result "1-0"]
[Date "2012.10.01"]
[WhiteElo "2382"]
[BlackElo "2122"]
[PlyCount "77"]
[EventDate "2012.09.29"]
[EventType "swiss"]
[EventRounds "9"]
[EventCountry "ESP"]
[SourceTitle "EXT 2014"]
[Source "ChessBase"]
[SourceDate "2013.11.20"]
[SourceVersion "1"]
[SourceVersionDate "2013.11.20"]
[SourceQuality "1"]

1. Nf3 c5 2. c4 b6 3. g3 Bb7 4. Bg2 Nf6 5. 0-0 e6 6. Nc3 Ne4 7. Nxe4 Bxe4 8. d3 Bb7 9. e4 Be7 10. Re1 0-0 11. b3 d6 12. d4 cxd4 13. Nxd4 a6 14. Ba3 Qc7 15. Rc1 Nd7 16. Bb4 Rac8 17. Qe2 Rfe8 18. a4 Nc5 19. Qe3 Bf6 20. Rcd1 Ba8 21. Ba3 Qb8 22. Bb2 Bb7 23. h3 Qa8 24. Kh2 h5 25. Re2 h4 26. g4 Be7 27. f4 Bf8 28. g5 e5 29. Nf5 exf4 30. Qxf4 Nxe4 31. Rde1 Nc5 32. Nh6+ gxh6 33. Qf6 Re5 34. gxh6 Nd7 35. h7+ Kxh7 36. Qxf7+ Bg7 37. Bxb7 Qxb7 38. Rg2 Nc5 39. Rxg7+ 1-0

[Event "ESP-ch U18"]
[White "Navarro Molina, David"]
[Black "Sierra Soria, Maria"]
[Site "Salobrena"]
[Round "9"]
[Result "1-0"]
[Date "2012.07.29"]
[WhiteElo "2141"]
[BlackElo "1772"]
[PlyCount "61"]
[EventDate "2012.07.23"]
[EventType "swiss"]
[EventRounds "9"]
[EventCountry "ESP"]
[SourceTitle "EXT 2014"]
[Source "ChessBase"]
[SourceDate "2013.11.20"]
[SourceVersion "1"]
[SourceVersionDate "2013.11.20"]
[SourceQuality "1"]

1. d4 d5 2. c4 dxc4 3. Nf3 Nf6 4. e3 e6 5. Bxc4 a6 6. Bb3 c5 7. a4 b6 8. 0-0 Bb7 9. Qe2 Nbd7 10. Nc3 Qc7 11. Rd1 Be7 12. e4 cxd4 13. Nxd4 Bc5 14. Bg5 Qe5 15. Nf3 Qc7 16. Bh4 Qf4 17. Bg3 Qg4 18. Bc2 0-0 19. e5 Nd5 20. Ne4 Bc6 21. Nxc5 Nxc5 22. Rd4 Qh5 23. Rh4 Nf4 24. Rxf4 Bxf3 25. Qxf3 Qxf3 26. Rxf3 Rfd8 27. b4 Nd7 28. Rd3 Rac8 29. Bb3 a5 30. Rad1 Nb8 31. Ra1 1-0

[Event "ESP-ch U18"]
[White "Martinez Fernandez, Raul"]
[Black "Navarro Molina, David"]
[Site "Salobrena"]
[Round "8"]
[Result "1/2-1/2"]
[Date "2012.07.28"]
[WhiteElo "1828"]
[BlackElo "2141"]
[PlyCount "112"]
[EventDate "2012.07.23"]
[EventType "swiss"]
[EventRounds "9"]
[EventCountry "ESP"]
[SourceTitle "EXT 2014"]
[Source "ChessBase"]
[SourceDate "2013.11.20"]
[SourceVersion "1"]
[SourceVersionDate "2013.11.20"]
[SourceQuality "1"]

1. e4 c5 2. c3 d5 3. exd5 Qxd5 4. d4 e6 5. Nf3 Nf6 6. Na3 cxd4 7. Nb5 Qd8 8. Qxd4 a6 9. Qxd8+ Kxd8 10. Ne5 axb5 11. Nxf7+ Ke8 12. Nxh8 Be7 13. Bxb5+ Kf8 14. Bd3 Kg8 15. Ng6 hxg6 16. Bxg6 e5 17. 0-0 Be6 18. Bg5 Ra4 19. Rfe1 Nc6 20. f4 Bc5+ 21. Kh1 Bxa2 22. Bxf6 gxf6 23. Bc2 Ra6 24. Rxa2 Rxa2 25. Bb3+ Kg7 26. Bxa2 exf4 27. Bd5 Ne5 28. b4 Be3 29. Rxe3 fxe3 30. Kg1 e2 31. Kf2 Nd3+ 32. Kxe2 Nf4+ 33. Ke3 Nxd5+ 34. Kd4 Nf4 35. Ke4 Nxg2 36. c4 Kf7 37. c5 Ke6 38. b5 f5+ 39. Kf3 Ne1+ 40. Ke2 Nc2 41. Kd3 Nb4+ 42. Kc4 Nd5 43. Kd4 Ne7 44. h4 Kf6 45. h5 Kg5 46. c6 b6 47. Ke5 f4 48. Ke4 Nc8 49. c7 Kxh5 50. Kxf4 Kg6 51. Ke5 Kf7 52. Kd5 Ne7+ 53. Kd6 Ke8 54. c8Q+ Nxc8+ 55. Kc7 Na7 56. Kxb6 Nxb5 1/2-1/2

[Event "ESP-ch U18"]
[White "Navarro Molina, David"]
[Black "De la Esperanza Martin, Alberto"]
[Site "Salobrena"]
[Round "5"]
[Result "1-0"]
[Date "2012.07.25"]
[WhiteElo "2141"]
[BlackElo "1907"]
[PlyCount "39"]
[EventDate "2012.07.23"]
[EventType "swiss"]
[EventRounds "9"]
[EventCountry "ESP"]
[SourceTitle "EXT 2014"]
[Source "ChessBase"]
[SourceDate "2013.11.20"]
[SourceVersion "1"]
[SourceVersionDate "2013.11.20"]
[SourceQuality "1"]

1. d4 d5 2. c4 c6 3. Nc3 e6 4. e3 f5 5. Bd3 Nf6 6. Nge2 Be7 7. Qc2 Nbd7 8. Nf4 Nf8 9. cxd5 cxd5 10. Nb5 Kf7 11. f3 Bd7 12. Nc3 Bc6 13. 0-0 Rc8 14. Qe2 Ng6 15. Nh3 h6 16. e4 Qd7 17. exf5 Nf8 18. Qc2 Bd6 19. Nf4 e5 20. Ng6 1-0

[Event "Gran Canaria-ch U18"]
[White "Marrero Cardenes, Agustin"]
[Black "Navarro Molina, David"]
[Site "Las Palmas"]
[Round "4.1"]
[Result "0-1"]
[Date "2012.04.14"]
[WhiteElo "1895"]
[BlackElo "2168"]
[PlyCount "144"]
[EventDate "2012.04.13"]
[EventType "swiss"]
[EventRounds "6"]
[EventCountry "ESP"]
[SourceTitle "EXT 2024"]
[Source "ChessBase"]
[SourceDate "2023.10.10"]
[SourceVersion "1"]
[SourceVersionDate "2023.10.10"]
[SourceQuality "1"]

1. e4 c5 2. Nf3 e6 3. d4 cxd4 4. Nxd4 a6 5. Nc3 b5 6. Be3 Bb7 7. f3 Qc7 8. Bd3 Nc6 9. Nxc6 Bxc6 10. a3 Bd6 11. Ne2 Nf6 12. g3 Rc8 13. Qd2 Be5 14. Bd4 d5 15. exd5 Bxd5 16. Rf1 Bxd4 17. Nxd4 Qe5+ 18. Be2 0-0 19. 0-0-0 Rfd8 20. Kb1 Bc4 21. Bxc4 Rxc4 22. Nc6 Rxd2 23. Nxe5 Rcxc2 24. Rxd2 Rxd2 25. Rc1 Ne8 26. h4 f6 27. Rc8 Kf8 28. Nc6 Rd3 29. Nb8 Rxf3 30. Nxa6 Ke7 31. Rc5 Rxg3 32. Rxb5 f5 33. Nb4 f4 34. Kc2 Rg2+ 35. Kd3 Kd6 36. Ke4 Rf2 37. Nd3 Nf6+ 38. Kd4 Rf1 39. Rb6+ Ke7 40. Rb7+ Kd6 41. Rb6+ Kd7 42. Nc5+ Kc8 43. Rxe6 f3 44. Nd3 Ng4 45. Rc6+ Kd7 46. Rc2 f2 47. Kc3 Ke6 48. Kb4 Rh1 49. Nxf2 Nxf2 50. Rxf2 Rxh4+ 51. Kb5 g5 52. a4 g4 53. a5 g3 54. Rg2 Rg4 55. Kb6 h5 56. a6 h4 57. a7 Rg8 58. Kb7 Kd6 59. Rc2 h3 60. Rc8 h2 61. Rxg8 h1Q+ 62. Kb8 Qh7 63. Rd8+ Ke7 64. Rc8 Qb1 65. Rc7+ Kd8 66. a8Q Qxb2+ 67. Ka7+ Kxc7 68. Qc8+ Kxc8 69. Ka6 Kc7 70. Ka5 Kc6 71. Ka4 Kc5 72. Ka5 Qb5# 0-1

[Event "Gran Canaria-ch U18"]
[White "Navarro Molina, David"]
[Black "Rodriguez Rodriguez, Eduardo"]
[Site "Las Palmas"]
[Round "1.1"]
[Result "1-0"]
[Date "2012.04.13"]
[WhiteElo "2168"]
[BlackElo "1410"]
[PlyCount "71"]
[EventDate "2012.04.13"]
[EventType "swiss"]
[EventRounds "6"]
[EventCountry "ESP"]
[SourceTitle "EXT 2024"]
[Source "ChessBase"]
[SourceDate "2023.10.10"]
[SourceVersion "1"]
[SourceVersionDate "2023.10.10"]
[SourceQuality "1"]

1. d4 f5 2. c4 c6 3. g3 e6 4. Bg2 Nf6 5. Nf3 d5 6. 0-0 Bb4 7. a3 Ba5 8. b4 Bc7 9. Bb2 0-0 10. Nbd2 Bd7 11. Ne5 Be8 12. f3 Nbd7 13. e4 fxe4 14. Nxd7 Qxd7 15. fxe4 Bh5 16. Qb3 dxc4 17. Nxc4 b5 18. Ne5 Bxe5 19. dxe5 Ng4 20. Rfd1 Qf7 21. Bd4 Qg6 22. h3 Nxe5 23. Bxe5 Bxd1 24. Rxd1 Rad8 25. Bd6 Rf7 26. e5 Qh5 27. Rd2 Qf5 28. Kh2 Kh8 29. Bxc6 Qf1 30. Qxe6 Rf2+ 31. Rxf2 Qxf2+ 32. Bg2 Qe2 33. Qf7 h6 34. e6 Rxd6 35. Qf8+ Kh7 36. Qxd6 1-0

[Event "Gran Canaria-ch U18"]
[White "Suarez Ramirez, Jonay"]
[Black "Navarro Molina, David"]
[Site "Las Palmas"]
[Round "2.1"]
[Result "0-1"]
[Date "2012.04.13"]
[WhiteElo "1492"]
[BlackElo "2168"]
[PlyCount "90"]
[EventDate "2012.04.13"]
[EventType "swiss"]
[EventRounds "6"]
[EventCountry "ESP"]
[SourceTitle "EXT 2024"]
[Source "ChessBase"]
[SourceDate "2023.10.10"]
[SourceVersion "1"]
[SourceVersionDate "2023.10.10"]
[SourceQuality "1"]

1. c4 c5 2. Nc3 b6 3. g3 Bb7 4. Nf3 Nf6 5. Bg2 e6 6. 0-0 Ne4 7. Nxe4 Bxe4 8. d3 Bb7 9. Bf4 Be7 10. Qd2 0-0 11. Qc2 Nc6 12. a3 Rc8 13. Rab1 d5 14. e3 d4 15. exd4 cxd4 16. b4 b5 17. c5 Qd7 18. Qb2 Bf6 19. Bd6 Rfe8 20. Qd2 h6 21. Rfe1 Be7 22. Ne5 Nxe5 23. Bxb7 Qxb7 24. Bxe5 Rcd8 25. Rbc1 f6 26. c6 Qb6 27. Bf4 e5 28. Bxh6 gxh6 29. Qxh6 Bf8 30. Qg6+ Bg7 31. Re4 Qc7 32. Rg4 Qf7 33. Qxf7+ Kxf7 34. Rc5 a6 35. c7 Rc8 36. Rc6 Re7 37. Rxa6 Rcxc7 38. Rb6 Rb7 39. Rxb7 Rxb7 40. Re4 Ra7 41. f4 Rxa3 42. fxe5 fxe5 43. Re2 Rxd3 44. Rb2 Ke6 45. Kf2 Kd5 0-1

[Event "Las Palmas Insular-chT Primera-B"]
[White "Illijin, Neboisa"]
[Black "Navarro Molina, David"]
[Site "Las Palmas"]
[Round "14.1"]
[Result "1/2-1/2"]
[Date "2012.03.24"]
[WhiteElo "2187"]
[BlackElo "2172"]
[PlyCount "85"]
[EventDate "2011.11.12"]
[EventType "team-tourn"]
[EventRounds "14"]
[EventCountry "ESP"]
[SourceTitle "EXT 2013"]
[Source "ChessBase"]
[SourceDate "2012.11.22"]
[SourceVersion "1"]
[SourceVersionDate "2012.11.22"]
[SourceQuality "1"]
[WhiteTeam "Telde Los Llanos II"]
[BlackTeam "Anand Iberia II"]
[WhiteTeamCountry "ESP"]
[BlackTeamCountry "ESP"]

1. e4 c5 2. Nf3 e6 3. c3 d5 4. exd5 Qxd5 5. d4 Nf6 6. Be3 cxd4 7. cxd4 Be7 8. Nc3 Qd6 9. Bd3 0-0 10. 0-0 Nc6 11. a3 b6 12. Nb5 Qd8 13. Rc1 Bb7 14. Bb1 a6 15. Nc3 Rc8 16. Qd3 g6 17. Bh6 Re8 18. Ba2 Qd6 19. Rcd1 Rcd8 20. Rfe1 Ng4 21. Ne4 Qb8 22. Be3 Nce5 23. Nxe5 Nxe5 24. Qb1 Ng4 25. Ng3 Qa8 26. f3 Nxe3 27. Rxe3 Bd5 28. b4 Bf6 29. Red3 Re7 30. Kh1 Rc7 31. R3d2 Rdc8 32. Bxd5 Qxd5 33. Ne4 Bg7 34. a4 h5 35. h4 Kh8 36. a5 bxa5 37. bxa5 Qxa5 38. d5 exd5 39. Rxd5 Qxd5 40. Rxd5 Rc1+ 41. Qxc1 Rxc1+ 42. Kh2 Rc8 43. Rd7 1/2-1/2

[Event "Las Palmas Insular-chT Pref"]
[White "Gutierrez Olivares, Daniel"]
[Black "Navarro Molina, David"]
[Site "Las Palmas"]
[Round "13.4"]
[Result "1-0"]
[Date "2012.03.17"]
[WhiteElo "2268"]
[BlackElo "2172"]
[PlyCount "93"]
[EventDate "2011.11.12"]
[EventType "team-tourn"]
[EventRounds "14"]
[EventCountry "ESP"]
[SourceTitle "EXT 2013"]
[Source "ChessBase"]
[SourceDate "2012.11.22"]
[SourceVersion "1"]
[SourceVersionDate "2012.11.22"]
[SourceQuality "1"]
[WhiteTeam "Canarias de Las Palmas"]
[BlackTeam "Anand Iberia"]
[WhiteTeamCountry "ESP"]
[BlackTeamCountry "ESP"]

1. a3 c5 2. Nf3 b6 3. e3 Bb7 4. b4 e6 5. Bb2 Nf6 6. bxc5 bxc5 7. Be2 Be7 8. 0-0 0-0 9. c4 d6 10. Nc3 Nbd7 11. a4 Rb8 12. Qc2 a6 13. Rfd1 Qb6 14. a5 Qc6 15. Ra3 Ba8 16. d3 d5 17. cxd5 exd5 18. Ra4 Rfc8 19. Rc1 d4 20. Nd1 dxe3 21. fxe3 Rb4 22. Rca1 Nd5 23. e4 Nf4 24. Bf1 Bf6 25. Bxf6 Rxa4 26. Rxa4 Nxf6 27. Ne3 Ne6 28. Rc4 Qb5 29. Nf5 Rd8 30. Qc3 Ne8 31. Nd2 Qb8 32. Nb3 Nd6 33. Nxd6 Qxd6 34. Nxc5 Nf4 35. e5 Qh6 36. Qc1 Rd4 37. Rxd4 Ne2+ 38. Kf2 Nxd4 39. Qxh6 gxh6 40. Nxa6 Nc6 41. Nc7 Bb7 42. a6 Bc8 43. Be2 Kf8 44. Bf3 Na7 45. Bb7 Bf5 46. d4 Ke7 47. Nd5+ 1-0

[Event "Las Palmas Insular-chT Pref"]
[White "Navarro Molina, David"]
[Black "Rojas Mirabal, Pedro"]
[Site "Las Palmas"]
[Round "9.4"]
[Result "1-0"]
[Date "2012.02.11"]
[WhiteElo "2172"]
[BlackElo "2017"]
[PlyCount "75"]
[EventDate "2011.11.12"]
[EventType "team-tourn"]
[EventRounds "14"]
[EventCountry "ESP"]
[SourceTitle "EXT 2013"]
[Source "ChessBase"]
[SourceDate "2012.11.22"]
[SourceVersion "1"]
[SourceVersionDate "2012.11.22"]
[SourceQuality "1"]
[WhiteTeam "Anand Iberia"]
[BlackTeam "Piscolabis Oleaje San Andres"]
[WhiteTeamCountry "ESP"]
[BlackTeamCountry "ESP"]

1. d4 Nf6 2. Nf3 g6 3. c4 Bg7 4. Nc3 0-0 5. e4 d6 6. Be2 e5 7. 0-0 Nc6 8. d5 Ne7 9. b4 Nd7 10. a4 a5 11. bxa5 Rxa5 12. Ba3 f5 13. Bb4 Ra8 14. a5 h6 15. Nd2 Nf6 16. c5 Ne8 17. Nc4 dxc5 18. Bxc5 Rf6 19. exf5 Rxf5 20. d6 Nxd6 21. Nxd6 cxd6 22. Qb3+ Kh7 23. Rfd1 e4 24. Bb6 Qf8 25. Rxd6 Nc6 26. Rad1 Nxa5 27. Bxa5 Rfxa5 28. Nxe4 Bf5 29. Ng3 Ra2 30. Qxb7 Rxe2 31. f3 Rb2 32. Qc7 Raa2 33. Rd8 Rxg2+ 34. Kh1 Rxh2+ 35. Kg1 Rhg2+ 36. Kh1 Qf6 37. Qc4 Rxg3 38. Qg8# 1-0

[Event "Las Palmas Cabildo sf"]
[White "Sanchez Quintero, Raul"]
[Black "Navarro Molina, David"]
[Site "Las Palmas"]
[Round "6"]
[Result "0-1"]
[Date "2012.02.02"]
[WhiteElo "2042"]
[BlackElo "2154"]
[PlyCount "53"]
[EventDate "2012.01.19"]
[EventType "swiss"]
[EventRounds "6"]
[EventCountry "ESP"]
[SourceTitle "EXT 2014"]
[Source "ChessBase"]
[SourceDate "2013.11.20"]
[SourceVersion "1"]
[SourceVersionDate "2013.11.20"]
[SourceQuality "1"]

1. e4 c5 2. Nf3 e6 3. d4 cxd4 4. Nxd4 Nc6 5. Nc3 Qc7 6. Be3 a6 7. Qd2 b5 8. 0-0-0 b4 9. Na4 Nf6 10. f3 Ne5 11. Nb3 Rb8 12. Kb1 d5 13. Bd4 Bd6 14. exd5 Nxd5 15. Nac5 0-0 16. Ne4 Be7 17. h4 a5 18. Rc1 a4 19. c4 Nc3+ 20. Nxc3 bxc3 21. Qxc3 Nc6 22. Bxg7 axb3 23. a3 Rd8 24. Rh3 Qf4 25. g3 Qf5+ 26. Ka1 e5 27. Bh6 0-1

[Event "Las Palmas Cabildo sf"]
[White "Cruz Pino, Adrian"]
[Black "Navarro Molina, David"]
[Site "Las Palmas"]
[Round "5"]
[Result "0-1"]
[Date "2012.01.30"]
[WhiteElo "1997"]
[BlackElo "2154"]
[PlyCount "128"]
[EventDate "2012.01.19"]
[EventType "swiss"]
[EventRounds "6"]
[EventCountry "ESP"]
[SourceTitle "EXT 2014"]
[Source "ChessBase"]
[SourceDate "2013.11.20"]
[SourceVersion "1"]
[SourceVersionDate "2013.11.20"]
[SourceQuality "1"]

1. e4 c5 2. Nf3 e6 3. d4 cxd4 4. Nxd4 Nc6 5. Be2 Qc7 6. Be3 a6 7. 0-0 Nf6 8. Nxc6 bxc6 9. Bd3 d5 10. exd5 cxd5 11. Nd2 Bd6 12. h3 0-0 13. f4 e5 14. fxe5 Bxe5 15. c3 Bb7 16. Nf3 Bd6 17. Nd4 Ne4 18. Nf5 Bh2+ 19. Kh1 Bc8 20. Bxe4 dxe4 21. Qg4 Bxf5 22. Qxf5 Rfe8 23. Rad1 Re6 24. Qd5 Rae8 25. Qd7 f6 26. c4 Qe5 27. Qd5 Qb8 28. b4 Bc7 29. b5 axb5 30. cxb5 Bb6 31. Bf4 Qa7 32. Rfe1 Kh8 33. Be3 h6 34. Bxb6 Qxb6 35. a4 e3 36. Qd4 Qa5 37. Re2 Re4 38. Qc5 Qxa4 39. Rde1 R4e5 40. Qc6 f5 41. Rb1 f4 42. Qg6 Rd8 43. Kh2 Rxb5 44. Qc6 Rdb8 45. Rf1 Qd4 46. Qg6 Rf8 47. Rc2 Rg5 48. Qa6 Qe4 49. Qe2 Rd8 50. Rfc1 Kh7 51. Rf1 Rd7 52. Ra2 Rgd5 53. Qc2 Qxc2 54. Rxc2 g5 55. Rc6 Rd2 56. h4 Ra2 57. Kh3 Rdd2 58. Kg4 Rxg2+ 59. Kf5 e2 60. Rc7+ Kg8 61. Rb1 Ra8 62. h5 f3 63. Kg6 f2 64. Rg7+ Kf8 0-1

[Event "Las Palmas op 32nd"]
[White "Navarro Molina, David"]
[Black "Cruz Pino, Adrian"]
[Site "Las Palmas"]
[Round "9"]
[Result "1-0"]
[Date "2011.12.08"]
[WhiteElo "2172"]
[BlackElo "1960"]
[PlyCount "85"]
[EventDate "2011.12.02"]
[EventType "swiss"]
[EventRounds "9"]
[EventCountry "ESP"]
[SourceTitle "CBM 145 Extra"]
[Source "ChessBase"]
[SourceDate "2012.01.03"]
[SourceVersion "1"]
[SourceVersionDate "2012.01.03"]
[SourceQuality "1"]

1. d4 Nf6 2. Nf3 e6 3. c4 b6 4. g3 Ba6 5. Qc2 Be7 6. Bg2 c6 7. 0-0 d5 8. b3 0-0 9. Bb2 Nbd7 10. Ne5 Rc8 11. Rd1 Qc7 12. Nxd7 Nxd7 13. e4 dxe4 14. Qxe4 Nf6 15. Qe5 Bd6 16. Qg5 h6 17. Qd2 Rfd8 18. Nc3 b5 19. Qe2 Qa5 20. c5 Be7 21. Ne4 Nd5 22. a3 Qc7 23. b4 Bb7 24. Nc3 Nxc3 25. Bxc3 Bf6 26. Rd3 Rd7 27. Rad1 Rcd8 28. Be4 g6 29. Qg4 Bc8 30. d5 Bxc3 31. d6 Qb7 32. Qf3 Be5 33. Bxc6 Qb8 34. Bxd7 Rxd7 35. Qe3 Bxg3 36. hxg3 Bb7 37. Rc1 Bc6 38. g4 Qb7 39. Qg3 Qa8 40. g5 hxg5 41. Qxg5 Qe8 42. Rg3 f6 43. Qxf6 1-0